000 00462nam a2200193Ia 4500
005 20240823024214.0
008 240823s9999||||xx |||||||||||||| ||und||
020 _a978-93-80108-13-1
041 _aENGLISH
082 _A001.4 Q0
100 _aCarol A Angell
245 0 _aLanguage Development and Disorders
250 _a1st
260 _c2010
_b"Jones and Bartlett,B"
500 _aYES
650 _aLanguage
_bGeneral
942 _cBK
999 _c183368
_d183368